000 00604nam a2200217Ia 4500
003 OSt
005 20220928135652.0
006 a|||||r|||| 00| 0
007 ta
008 220927b |||||||| |||| 00| 0 eng d
024 _a4515
037 _cTextual
040 _aSDCL
_cSDCL
_beng
041 _2eng
_aeng
082 _aX:54.1'N7, L9
100 _aRothstein Robert L
_9492574
245 0 _aGlobal bargaining
_b UNCTAD and the quest for a new international economic order
260 _c1979
942 _hX:54.1'N7, L9
_cTEXL
_2CC
999 _c808194
_d808194